000 00777nam a2200253 i 4500
001 133618
003 ES-MaACL
005 20250815134015.0
007 t|
008 070822s1991 fr ac d |||| | fre d
020 _a2-03-740065-9
080 _a75(42)(038)
080 _a75(7)(038)
245 0 0 _aDictionnaire de la peinture anglaise et américaine.
260 _aParis :
_bLarousse,
_c[1991]
300 _a351 p. :
_bil. col. ;
_c22 cm.
490 1 _aEssentiels
650 1 7 _aPintura británica-
_vDiccionarios
_2
_9149710
650 4 _aPintura americana-
_vDiccionarios.
_916019
650 4 _aPintores-
_zGran Bretaña.
_9149711
830 0 _aEssentiels
_9185197
852 _aES-MaACL
_jE-12000
_z. - Biblioteca Jacinto Martínez Lacalle
999 _c133618
_d133618